| 000 | 00466 a2200169 4500 | ||
|---|---|---|---|
| 003 | OSt | ||
| 005 | 20231223112717.0 | ||
| 008 | 231223b |||||||| |||| 00| 0 eng d | ||
| 020 | _a8181436598 | ||
| 040 | _coclc | ||
| 082 |
_a891.433 _bSHU/M |
||
| 100 |
_aShukla, Brajesh _910201 |
||
| 245 |
_aMANDI / _cBrajesh Shukla |
||
| 260 |
_aNew Delhi: _bVani Prakashan, _c2007. |
||
| 300 | _a271p | ||
| 942 |
_2ddc _cBK _h891.433 _iSHU/M _k891.433 _mSHU/M |
||
| 999 |
_c43540 _d43540 |
||